01029 2200181 4500001002100000005001500021035002000036245004300056100001600099250001700115300003200132260004200164082000800206084001400214020002200228650001800250520057900268INLIS00000000000092620250317110042 a0010-03250000221 a100 Hari Mencari Mangsa /cJanu Ismadi0 aJanu Ismadi acetakan ke-1 aiv, 28 hlm :bilus ;c29 cm aJakarta :bSinar Wadja Lestari,c2006 a813 a813 JAN s a978-979-121-302-X 4aCerita Pendek aJara Wetan adalah seorang pemuda desa. Di sekujur tubuhnya ditum-buhi bisul sebesar butir-butiran jagung yang juga menimbulkan bau yang kurang sedap. Menurut cerita beberapa orang tua, sejak lahir tubuh Jara Wetan sudah ditumbuhi bisulan. la sangat sedih melihat keadaan tubuhnya. Suatu ketika, Jara Wetan ber-sumpah, jika ada orang yang mampu menyembuhkannya, la akan mengabdi selama-lamanya kepada orang itu. Lalu, apa yang akan terjadi dengan Jara Wetan? Apakah penyakitnya akan sembuh? Bagaimana kehidupan Jara Wetan selanjutnya? Ayo kita ikuti kisah Jara Wetan!